000 00357nam a2200145 4500
999 _c509331
_d509331
008 190501b ||||| |||| 00| 0 eng d
100 _aShiva, Vandana
_94996
245 _aFood freedom and economic freedom
260 _c2018
300 _ap.38-44.
650 _aGlobalisation
_94997
773 _aSeminar
906 _aFood security
942 _2ddc
_cAR